La evolución reciente de las relaciones comerciales internacionales: III Informe

Enregistré dans:
Détails bibliographiques
Collectivité auteur: CEPAL
Format: Texte
Publié: s.l.: CEPAL
Tags: Ajouter un tag
Pas de tags, Soyez le premier à ajouter un tag!

MARC

LEADER 00000 a a2200000 04500
001 23735
003
040
090 |a 167300  
110 |a CEPAL  
245 |a La evolución reciente de las relaciones comerciales internacionales: III Informe  
260 |a s.l.:   |b CEPAL  
300 |a 74 p.  
999 |c 4131  |d 4131